| 000 | 01040nam a22002897a 4500 | ||
|---|---|---|---|
| 999 |
_c3251 _d3251 |
||
| 003 | AR-CdUCM | ||
| 008 | 190306b ||||| |||| 00| 0 spa d | ||
| 040 |
_aMUNICIPALIDAD PROVINCIAL DEL CUSCO _cBIBLIOTECA MUNICIPAL DEL CUSCO |
||
| 082 |
_a869.508 / _bT7 |
||
| 245 |
_aTradiciones desconocidas / _cManuel Atanasio Fuentes; Marco A. de la Fuente; Aurelio Villaran. |
||
| 260 |
_aLima : _bPEISA, _c1974. |
||
| 300 |
_a173 páginas ; _c16.5 cm. |
||
| 440 |
_aBiblioteca Peruana _n : 51 _910853 |
||
| 650 |
_aCuentos peruanos _97 |
||
| 650 |
_aCuentistas - Siglo XX _910854 |
||
| 650 |
_aCuentistas peruanos _99159 |
||
| 650 |
_aNarrativa peruana _9226 |
||
| 650 |
_aManuel Atanasio Fuentes _910855 |
||
| 650 |
_a Marco A. de la Fuente _910856 |
||
| 650 |
_aAurelio Villaran. _910857 |
||
| 700 |
_aNúñez, Estuardo (Compilador) _99661 |
||
| 700 |
_aVillaran, Aurelio (Autor) _910858 |
||
| 700 |
_aFuente, Marco A. de la (Autor) _910859 |
||
| 700 |
_aFuentes, Manuel Atanasio (Autor) _910860 |
||
| 942 |
_2ddc _cLIBROS |
||
| 945 | _alccs | ||